| 000 | 00626nam a2200193 i 4500 | ||
|---|---|---|---|
| 001 | 61768 | ||
| 003 | ES-MaACL | ||
| 005 | 20250904044135.0 | ||
| 007 | t| | ||
| 008 | 031113s1919 fr ||||1| fre d | ||
| 100 | 1 |
_aFerrand, Max. _950257 |
|
| 245 | 1 | 4 |
_aLes Etats-Unis _b: formation historique dela nation americaine / _cMax Farrand ; preface de M. Jules Cambou. |
| 260 |
_aParĂs : _b[s.n., _c1919] ( _eCoulommiers : _fPaul Brodard) |
||
| 300 |
_aXIX, 232 p. ; _c18 cm. |
||
| 500 | _aOuvrage traduit de l'anglais. | ||
| 700 | 1 |
_aCambon, Jules, _d1845-1935 _934036 |
|
| 852 |
_aES-MaACL _jF-10567 |
||
| 999 |
_c61768 _d61768 |
||